书目信息 |
| 题名: |
地海传奇
|
|
| 作者: | 勒吉恩 著 ;一目 , 姚翠丽 翻译 | |
| 分册: | II 彼岸 特哈努 | |
| 出版信息: | 北京 人民文学出版社 2004.03 |
|
| 页数: | 319页 | |
| 开本: | 23cm | |
| 丛书名: | ||
| 单 册: | ||
| 中图分类: | I712.45 | |
| 科图分类: | ||
| 主题词: | 科学幻想小说--ke xue huan xiang xiao shuo--美国--现代--选集 | |
| 电子资源: | ||
| ISBN: | 7-02-004408-5 | |
| 000 | 01314nam0 2200313 450 | |
| 001 | 012007658920 | |
| 005 | 20070515161637.60 | |
| 010 | @a7-02-004408-5@dCNY29.00 | |
| 100 | @a20070108d2004 km y0chiy0120 ea | |
| 101 | 1 | @achi@ceng |
| 102 | @aCN@b110000 | |
| 105 | @ay z 000ay | |
| 200 | 1 | @a地海传奇@Adi hai chuan qi@hII@i彼岸 特哈努@f(美) 厄修拉·勒奎恩著@F(mei)e xiu la·le kui en zhu@g一目, 姚翠丽翻译@Gyi mu,yao cui li fan yi |
| 210 | @a北京@c人民文学出版社@d2004.03 | |
| 215 | @a319页@d23cm | |
| 300 | @a二十世纪美国青少年幻想小说经典 | |
| 312 | @a英文并列题名取自版权页。 | |
| 314 | @a责任感者规范汉译姓: 勒吉恩 | |
| 330 | @a地海传奇Ⅱ》包含两个故事。在《彼岸》中,维系地海世界平衡的魔法源泉干涸,恶势力猖獗横行,大法师雀鹰带着年轻的英拉德岛王子,在茫茫大海上追索乱象症结、邪恶的根源 ……在《特哈努》中,地海处在一个世风日下、邪恶盛行的时代,泰娜收养了被强暴和毁容的幼女赛璐。 | |
| 500 | 10 | @aTechanu@mChinese |
| 500 | 10 | @aFarthest Shore@mChinese |
| 517 | 1 | @a彼岸 特哈努@Abi an te ha nu |
| 606 | 0 | @a科学幻想小说@Ake xue huan xiang xiao shuo@y美国@z现代@j选集 |
| 690 | @aI712.45@v4 | |
| 701 | 1 | @a勒吉恩@Ale ji en@g(Le Guin, Ursula K.),@f1929-@4著 |
| 702 | 0 | @a一目@Ayi mu@4翻译 |
| 702 | 0 | @a姚翠丽@Ayao cui li@4翻译 |
| 801 | 0 | @aCN@c20070515 |
| 905 | @a10447@dI712.45@eL077:2 | |
| 地海传奇.II.彼岸 特哈努/(美) 厄修拉·勒奎恩著/一目, 姚翠丽翻译.-北京:人民文学出版社,2004.03 |
| 319页;23cm |
| 二十世纪美国青少年幻想小说经典 |
| ISBN 7-02-004408-5:CNY29.00 |
| 地海传奇Ⅱ》包含两个故事。在《彼岸》中,维系地海世界平衡的魔法源泉干涸,恶势力猖獗横行,大法师雀鹰带着年轻的英拉德岛王子,在茫茫大海上追索乱象症结、邪恶的根源 ……在《特哈努》中,地海处在一个世风日下、邪恶盛行的时代,泰娜收养了被强暴和毁容的幼女赛璐。 |
| ● |
| 相关链接 |
|
|
|
正题名:地海传奇
索取号:I712.45/L077:2
 
预约/预借
| 序号 | 登录号 | 条形码 | 馆藏地/架位号 | 状态 | 备注 |
| 1 | 234763 | 202347638 | 文学库116/116文学库 28排1列1层/ [索取号:I712.45/L077:2] | 在馆 | |
| 2 | 234764 | 202347647 | 文学库116/116文学库 28排1列1层/ [索取号:I712.45/L077:2] | 在馆 | |
| 3 | 234765 | 202347656 | 文学库116/ [索取号:I712.45/L077:2] | 在馆 |